Identificación y evaluación de factores que afectan la productividad de la mano de obra en la construcción
Guardado en:
| Hovedforfatter: | |
|---|---|
| Format: | Bog |
| Udgivet: |
San José, C.R.
1998
|
| Fag: | |
| Tags: |
Tilføj Tag
Ingen Tags, Vær først til at tagge denne postø!
|
MARC
| LEADER | 00000nam a2200000Ia 4500 | ||
|---|---|---|---|
| 003 | 008545 | ||
| 005 | 20221231144222.0 | ||
| 008 | 140114s1998 cr a m 000 ||s d | ||
| 040 | |c cru CEDI | ||
| 090 | |a TFG 3893 | ||
| 100 | |a Alfaro Zuñiga, Luis Arturo |9 8990 | ||
| 245 | |a Identificación y evaluación de factores que afectan la productividad de la mano de obra en la construcción | ||
| 260 | |c 1998 |a San José, C.R. | ||
| 300 | |a 212 hojas : ilustraciones (algunas a color) + 3 planos | ||
| 500 | |a Proyecto de graduación (licenciatura en ingeniería civil)--Universidad de Costa Rica. Facultad de Ingeniería. Escuela de Ingeniería Civil | ||
| 650 | |x INDUSTRIA DE LA CONSTRUCCION - ADMINISTRACION |x TRABAJADORES DE LA CONSTRUCCION - COSTA RICA |9 8991 | ||
| 942 | |c TFG | ||
| 999 | |c 18619 |d 18619 | ||
